000 00558nam a2200181Ia 4500
008 100920s9999 xx 000 0 und d
082 _b30618
_a491.462 थ 72
100 _aपाटील दिनकर द.
245 _aदसरा उजाडला.
260 _bअनमोल प्रकाशन , पुणे 2.
_c1972
300 _a74
_bसाधी
365 _b4
520 _aनाटक.
630 _aदसरा उजाडला.
650 _aनाटक.
730 _aदसरा उजाडला.
942 _cBOOK
999 _c686026
_d686023